|
|
|
|
| LEADER |
00000nam0a2200000 4500 |
| 001 |
265620 |
| 005 |
20231101233933.0 |
| 035 |
|
|
|a (RuTPU)RU\TPU\book\288622
|
| 090 |
|
|
|a 265620
|
| 100 |
|
|
|a 20140627d1986 k y0rusy50 ca
|
| 101 |
0 |
|
|a rus
|
| 102 |
|
|
|a RU
|
| 105 |
|
|
|a a z 001zy
|
| 200 |
1 |
|
|a Глинистые минералы в осадочных породах Сибири
|e сборник научных трудов
|f Академия наук СССР (АН СССР), Сибирское отделение (СО), Институт геологии и геофизики (ИГиГ) ; отв. ред. Ю. П. Казанский
|
| 210 |
|
|
|a Новосибирск
|c Изд-во Института геологии и геофизики
|d 1986
|
| 215 |
|
|
|a 128 с.
|c ил.
|
| 320 |
|
|
|a Библиография в конце статей
|
| 606 |
1 |
|
|a Глинистые породы
|2 stltpush
|3 (RuTPU)RU\TPU\subj\7340
|9 35024
|
| 610 |
1 |
|
|a образование
|
| 610 |
1 |
|
|a минеральное сырье
|
| 610 |
1 |
|
|a глинистые отложения
|
| 610 |
1 |
|
|a полезные ископаемые
|
| 610 |
1 |
|
|a формирование
|
| 610 |
1 |
|
|a осадочные процессы
|
| 610 |
1 |
|
|a почвообразующие породы
|
| 610 |
1 |
|
|a Сибирь
|
| 610 |
1 |
|
|a Новосибирское Приобье
|
| 610 |
1 |
|
|a терригенно-глинистые отложения
|
| 610 |
1 |
|
|a доманикиты
|
| 610 |
1 |
|
|a литология
|
| 610 |
1 |
|
|a петрохимия
|
| 610 |
1 |
|
|a Енисейский кряж
|
| 610 |
1 |
|
|a Сибирская платформа
|
| 610 |
1 |
|
|a золотоносность
|
| 610 |
1 |
|
|a вулканический пепел
|
| 675 |
|
|
|a 552.52
|v 3
|
| 702 |
|
1 |
|a Казанский
|b Ю. П.
|4 340
|
| 712 |
0 |
2 |
|a Академия наук СССР (АН СССР)
|b Сибирское отделение (СО)
|b Институт геологии и геофизики (ИГиГ)
|c (Новосибирск)
|2 stltpush
|3 (RuTPU)RU\TPU\col\128
|
| 801 |
|
1 |
|a RU
|b 63413507
|c 20140627
|
| 801 |
|
2 |
|a RU
|b 63413507
|c 20151215
|g RCR
|
| 942 |
|
|
|c BK
|